000 00407nam a2200145 i 4500
001 bg
100 1 _aVIKTOROV, M. M.
245 0 _aObliczenia graficzne w technologii substancji nieorganicznych /
_cM. M. Wiktorow.
260 _aWarszawa :
_bWydawnictwa Naukowo-Techniczne,
_c1975.
040 _cBPK
041 _apol
080 _a54:631.8:661
942 _cKS
008 s pl f |000 0 pol
999 _c15946
_d15946
856 _uhttp://koha.tu.koszalin.pl/cgi-bin/koha/opac-detail.pl?biblionumber=15946
_yKatalog online BPK